| 000 | 00352nam a22001457a 4500 | ||
|---|---|---|---|
| 999 |
_c8081 _d8081 |
||
| 003 | OSt | ||
| 005 | 20200706120753.0 | ||
| 008 | 200706b ||||| |||| 00| 0 eng d | ||
| 020 | _a9780415318785 | ||
| 082 |
_a711.4 _bMOO |
||
| 100 |
_a Moor, Malcolm, Rowland, Jon _d1944- |
||
| 245 | _aUrban design futures | ||
| 260 |
_bRoutledge _c 2006 |
||
| 942 | _2ddc | ||